000 00285nam a22001337a 4500
008 170731b xxu||||| |||| 00| 0 eng d
020 _a9780132398800
041 _aeng
080 _a004
100 _a32
101 _aSHK
245 _aWEB PAGE DESIGN
_cMORRIS,M.E
942 _2udc
_cBK
999 _c22240
_d22240